| 000 | 01253naa a22003137a 4500 | ||
|---|---|---|---|
| 001 | BR5400022 | ||
| 003 | BR-BrBNA | ||
| 005 | 20240918172832.0 | ||
| 007 | ta | ||
| 008 | 230509b bl.||||| |||| 00| 0 por d | ||
| 040 |
_aBR-BrBNA _bpor _cBiblioteca Nacional de Agricultura |
||
| 041 | _a(Pt) | ||
| 072 |
_aE50 _b/G514 |
||
| 090 | _aE50 BR5400022 | ||
| 100 | 1 | _aGuimaraes, E.C. | |
| 111 | 1 |
_a1. Congresso Nacional do Fumo _cSalvador, BA (Brazil) _d12 Jul 1952 |
|
| 245 | 1 | _aPre-colonizacao e colonizacao nas zonas fumageiras da Bahia [sociologia rural, Brasil] | |
| 260 | 3 |
_aSalvador, BA (Brasil): _c1954. |
|
| 500 | _aTeses e indicacoes apresentadas pelos tecnicos, engenheiros agronomicos e chefes de servico do Instituto Bahiano do Fumo Salvador, BA (Brasil): 1954. p. 41-50 (BR5400022-AM)E50 | ||
| 650 | _aASSISTENCIA RURAL | ||
| 650 | _aCOLONIZACAO | ||
| 650 | _aCOMUNIDADE RURAL | ||
| 650 | _aDESENVOLVIMENTO SOCIAL | ||
| 650 | _aPROJETO DE COLONIZACAO | ||
| 650 | _aBAHIA | ||
| 773 | 0 |
_tTeses e indicacoes apresentadas pelos tecnicos, engenheiros agronomicos e chefes de servico do Instituto Bahiano do Fumo _wE50 BR5400022 _gSalvador, BA (Brasil), 1954. p. 41-50 |
|
| 909 |
_a202404 _bLucia _c55 _dLucia Elande |
||
| 942 |
_cAM _2AGRIS |
||
| 999 |
_c301658 _d301658 |
||